000 00789nam a2200253 a 4500
008
020 _a0521477298 (pbk.)
049 _aMAIN
090 _aTK7878
_bKLA
100 1 _aKlaassen, K.B.
245 1 0 _aElectronic measurement and instrumentation /
_cK. B. Klaassen ; translation from Dutch, S. M. Gee.
260 _aCambridge :
_bCambridge University Press,
_c1996.
300 _aviii, 335 p. :
_bill. ;
_c23 cm.
504 _aIncludes bibliographical references.
500 _aIncludes index.
650 0 _aElectronic measurements.
650 0 _aElectronic instruments.
700 _aGee, S.M.
907 _a.b10106091
_b02-11-12
_c09-01-04
003
005 20230123133954.0
040 _cNUST
942 _cBOOKS
_kTK7878
_mKLA
999 _c157807
_d157807